[Event "33rd Leon Blitz Open 2020"]
[Site "chess.com INT"]
[Date "2020.07.14"]
[Round "10"]
[White "Stojanovski, Sandi"]
[Black "Diaz, Conrado"]
[Result "0-1"]
[WhiteTitle "FM"]
[WhiteElo "2232"]
[BlackElo "2273"]
[WhiteFideId "1403249"]
[BlackFideId "5207304"]
[EventDate "2020.07.14"]
[EventType "blitz"]

1. c4 c5 2. Nf3 b6 3. Nc3 Bb7 4. e4 Nc6 5. Bd3 g6 6. O-O Bg7 7. Re1 d6 8. Bc2
Qd7 9. Ba4 Nh6 10. d4 cxd4 11. Nxd4 Rc8 12. Nd5 O-O 13. Bg5 f6 14. Be3 e5 15.
Nxc6 Bxc6 16. Bxc6 Rxc6 17. Rc1 Nf7 18. Qd2 Rfc8 19. b3 Kh8 20. a4 Qe6 21. Rcd1
h5 22. h3 Kh7 23. f4 exf4 24. Bxf4 Re8 25. Kh1 g5 26. Bh2 g4 27. Nf4 Qe5 28. Qf2
Qg5 29. h4 Qh6 30. Rd5 Ne5 31. Nd3 Qg6 32. Bxe5 fxe5 33. Nb4 Rc7 34. Rd3 Rf7 35.
Qg3 Bh6 36. Nd5 Bf4 37. Nxf4 exf4 38. Qf2 g3 39. Qf3 Re5 40. Rd5 Qf6 41. Rxe5
Qxh4+ 42. Kg1 dxe5 43. Rd1 Qh2+ 44. Kf1 Kg6 45. Rd6+ Rf6 46. Rd7 a5 47. Ke2 Qh1
48. Rd5 Re6 49. Kd3 Qb1+ 50. Kc3 Qc1+ 51. Kd3 Kg5 52. Qe2 Qb1+ 53. Kc3 Qa1+ 54.
Kd3 Re7 55. Qf3 Qe1 56. Kc2 h4 57. Rd1 Qf2+ 58. Qxf2 gxf2 59. Rf1 Rd7 60. Rxf2
Rd4 61. Re2 Kg4 62. Kc3 Kg3 63. b4 axb4+ 64. Kxb4 f3 65. gxf3 Kxf3 66. Ra2 h3
67. a5 bxa5+ 68. Rxa5 h2 69. Ra1 Rxe4 70. Kb5 Re2 71. c5 Rc2 72. c6 e4 0-1

[Event "33rd Leon Blitz Open 2020"]
[Site "chess.com INT"]
[Date "2020.07.14"]
[Round "10"]
[White "Kobalia, Mikhail"]
[Black "Vitiugov, Nikita"]
[Result "0-1"]
[WhiteTitle "GM"]
[BlackTitle "GM"]
[WhiteElo "2614"]
[BlackElo "2722"]
[WhiteFideId "4119150"]
[BlackFideId "4152956"]
[EventDate "2020.07.14"]
[EventType "blitz"]

1. e4 c5 2. Nf3 e6 3. g3 Nc6 4. Bg2 Nf6 5. Qe2 Be7 6. O-O O-O 7. e5 Nd5 8. Na3
d6 9. Nc4 dxe5 10. Ncxe5 Bd7 11. Nxc6 Bxc6 12. Ne5 Be8 13. a3 Qc7 14. Re1 Rd8
15. d3 f6 16. Nc4 Bf7 17. a4 Rfe8 18. Bd2 e5 19. Be4 Bf8 20. Qf3 b6 21. h4 Ne7
22. Ne3 Qd6 23. a5 g6 24. axb6 axb6 25. g4 Bg7 26. Bc3 b5 27. b3 Rf8 28. Ra7 Be6
29. Ba5 Rd7 30. Rxd7 Qxd7 31. Qg2 f5 32. Bf3 f4 33. Nd1 b4 34. Bb6 Qd6 35. Ba7
Qc7 36. Bb7 f3 37. Bxf3 Qxa7 38. Ne3 Qd7 39. Nc4 Qd4 40. Re4 Qa1+ 41. Kh2 Bd5
42. Re3 Qd4 43. Bxd5+ Nxd5 44. Rf3 Rxf3 45. Qxf3 Qf4+ 46. Kg2 Qxf3+ 47. Kxf3 Kf7
48. Nd6+ Ke6 49. Ne4 Bf8 50. Ng5+ Kd7 51. Nxh7 Be7 52. h5 g5 53. Ke4 Ke6 54. h6
Nc3+ 55. Ke3 Kf7 0-1

[Event "33rd Leon Blitz Open 2020"]
[Site "chess.com INT"]
[Date "2020.07.14"]
[Round "10"]
[White "Macovei, Andrei"]
[Black "Abdusattorov, Nodirbek"]
[Result "0-1"]
[WhiteTitle "IM"]
[BlackTitle "GM"]
[WhiteElo "2453"]
[BlackElo "2627"]
[WhiteFideId "13904680"]
[BlackFideId "14204118"]
[EventDate "2020.07.14"]
[EventType "blitz"]

1. e4 c5 2. Nf3 d6 3. d4 cxd4 4. Nxd4 Nf6 5. Nc3 a6 6. f3 e5 7. Nb3 Be6 8. Be3
h5 9. Nd5 Bxd5 10. exd5 Nbd7 11. Qd2 g6 12. O-O-O Nb6 13. Kb1 Nbxd5 14. Bg5 Be7
15. Bd3 Qc7 16. c4 Nb6 17. Rhe1 Nbd7 18. f4 O-O-O 19. f5 Kb8 20. Rc1 gxf5 21.
Bxf5 Nf8 22. Bxf6 Bxf6 23. Be4 Ne6 24. Qf2 Bg5 25. Rc3 h4 26. Rf3 f6 27. g3 hxg3
28. hxg3 Qxc4 29. Bxb7 Qb4 30. Bd5 Rh2 31. Qxh2 Qxe1+ 32. Kc2 Rc8+ 33. Rc3 Rxc3+
34. bxc3 Nc7 35. Bc6 Ka7 36. Qg2 Kb6 37. a4 a5 38. Ba8 e4 39. Bxe4 f5 40. Bf3
Qe3 41. Kb2 Bf6 42. Ka2 Bxc3 43. g4 fxg4 44. Qxg4 Qf2+ 45. Be2 Nd5 46. Qc4 Nb4+
47. Ka3 Qe1 48. Qb5+ Kc7 49. Qxa5+ Kd7 50. Qf5+ Ke7 51. Qe4+ Be5 52. Qh7+ Kf8
53. Qf5+ Ke7 54. Qh7+ Ke6 55. Qg6+ Kd5 56. Bf3+ Kc4 57. Qg8+ Kd3 58. Qg6+ Kc3
59. a5 Qf2 60. Ka4 Qxf3 61. Qg8 Qc6+ 62. Ka3 Nc2+ 63. Ka2 Qa4+ 64. Kb1 Qxb3+ 65.
Qxb3+ Kxb3 66. a6 Bd4 67. a7 Na3+ 68. Kc1 Be3+ 69. Kd1 Bxa7 70. Ke2 Kc4 71. Kd1
d5 72. Ke2 d4 73. Kd1 Kd3 74. Ke1 Kc2 75. Kf2 d3+ 76. Kf3 d2 77. Ke4 d1=Q 78.
Kf5 Qe2 79. Kf6 Qe4 80. Kf7 Qe5 81. Kf8 Qc7 82. Kg8 Qe7 83. Kh8 Be3 84. Kg8 Bh6
85. Kh8 Nc4 86. Kg8 Nb6 87. Kh8 Nd7 88. Kg8 Kd3 89. Kh8 Ke4 90. Kg8 Kf5 91. Kh8
Kg6 92. Kg8 Nf6+ 93. Kh8 Bg7# 0-1

[Event "33rd Leon Blitz Open 2020"]
[Site "chess.com INT"]
[Date "2020.07.14"]
[Round "10"]
[White "Visakh, N R"]
[Black "Manolache, Marius"]
[Result "1-0"]
[WhiteTitle "GM"]
[BlackTitle "GM"]
[WhiteElo "2516"]
[BlackElo "2541"]
[WhiteFideId "25012223"]
[BlackFideId "1201530"]
[EventDate "2020.07.14"]
[EventType "blitz"]

1. e4 c5 2. Nf3 e6 3. d4 cxd4 4. Nxd4 a6 5. Bd3 Nf6 6. O-O d6 7. c4 Be7 8. Nc3
O-O 9. Be3 b6 10. f4 Bb7 11. Qe2 Nc6 12. Kh1 Nxd4 13. Bxd4 Nd7 14. Rae1 Bf6 15.
Bxf6 Qxf6 16. Qe3 Rfd8 17. Rd1 Rab8 18. Be2 Qe7 19. Rd2 Bc6 20. Rfd1 Nf6 21. Qd4
Rd7 22. Qe3 h6 23. Kg1 Rdd8 24. b3 Nd7 25. Rxd6 Rdc8 26. e5 Nc5 27. b4 Nb7 28.
R6d2 Qxb4 29. Rb1 Qc5 30. Qxc5 Nxc5 31. Rd6 Nb7 32. Rd2 Na5 33. Rdb2 Bd7 34.
Rxb6 Rxb6 35. Rxb6 Nxc4 36. Rxa6 Nxe5 37. Ne4 Rc1+ 38. Kf2 Ng6 39. g3 Rc2 40.
Ra8+ Kh7 41. Nd6 Rd2 42. Nc4 Rc2 43. a4 Ra2 44. Nb6 Bc6 45. Ra7 e5 46. f5 Nf8
47. Rxf7 Kg8 48. Rc7 Bxa4 49. Nxa4 Rxa4 50. Bc4+ Kh7 51. f6 Ra8 52. Rxg7+ Kh8
53. Rg8+ Kh7 54. Rg7+ Kh8 55. Rg8+ Kh7 56. f7 Rd8 57. Ke3 Rc8 58. Bd3+ Ng6 59.
Bxg6# 1-0

[Event "33rd Leon Blitz Open 2020"]
[Site "chess.com INT"]
[Date "2020.07.14"]
[Round "10"]
[White "Hovhannisyan, Robert"]
[Black "Nguyen, Ngoc Truong Son"]
[Result "0-1"]
[WhiteTitle "GM"]
[BlackTitle "GM"]
[WhiteElo "2642"]
[BlackElo "2641"]
[WhiteFideId "13302507"]
[BlackFideId "12401110"]
[EventDate "2020.07.14"]
[EventType "blitz"]

1. e4 c5 2. Nf3 Nc6 3. d4 cxd4 4. Nxd4 Nf6 5. Nc3 d6 6. Bg5 e6 7. Qd2 a6 8. Nxc6
bxc6 9. O-O-O Be7 10. Bxf6 gxf6 11. Bc4 a5 12. Bb3 h5 13. f4 Qb6 14. Rhf1 Rb8
15. Kb1 Bd7 16. Ka1 c5 17. Rb1 Qa6 18. Ba4 Bxa4 19. Nxa4 Qc6 20. Nc3 Rb4 21. a3
Rd4 22. Qe2 Kd7 23. e5 d5 24. f5 fxe5 25. Qxe5 Rh7 26. Rbd1 Rxd1+ 27. Rxd1 Bd6
28. Qf6 d4 29. fxe6+ fxe6 30. Qg6 Re7 31. Ne4 Be5 32. c3 Qd5 33. cxd4 cxd4 34.
Nf6+ Bxf6 35. Qxf6 e5 36. Qf5+ Kd6 37. Rc1 Qe6 38. Qf8 Qd7 39. Qb8+ Ke6 40. Qg8+
Rf7 41. Qg6+ Rf6 42. Qxh5 Kd6 43. Qg5 Qf7 44. Kb1 Rf1 45. Qh6+ Ke7 46. Qg5+ Kd6
47. Qh6+ Qf6 48. Qxf6+ Rxf6 49. b4 axb4 50. axb4 e4 51. Rc4 Kd5 52. Rc5+ Kd6 53.
Rc4 Ke5 54. b5 e3 55. Kc2 Ke4 56. Rc6 d3+ 57. Kc3 d2 58. Kc2 Rf1 59. Rd6 Rc1+
60. Kb2 d1=Q 61. Rxd1 Rxd1 62. b6 e2 63. h4 e1=Q 64. b7 Qb4+ 65. Kc2 Rd2+ 0-1

[Event "33rd Leon Blitz Open 2020"]
[Site "chess.com INT"]
[Date "2020.07.14"]
[Round "10"]
[White "Manukian, Artak"]
[Black "Siddharth, Jagadeesh"]
[Result "1-0"]
[BlackTitle "FM"]
[WhiteElo "2196"]
[BlackElo "2320"]
[WhiteFideId "13301373"]
[BlackFideId "5818320"]
[EventDate "2020.07.14"]
[EventType "blitz"]

1. e4 c6 2. d4 g6 3. c4 d5 4. exd5 cxd5 5. cxd5 Nf6 6. Nc3 Bg7 7. Bb5+ Nbd7 8.
Nf3 O-O 9. Bxd7 Bxd7 10. O-O Bc8 11. Qb3 b6 12. Ne5 Bb7 13. Nc6 Qd7 14. Ne5 Qd6
15. Nc4 Qd8 16. Ne3 Qd7 17. Re1 Rad8 18. a4 Rfe8 19. a5 Nxd5 20. axb6 axb6 21.
Nexd5 Bxd5 22. Qxb6 Ba8 23. Be3 Qg4 24. d5 Bxc3 25. Rxa8 Rxa8 26. bxc3 Qc4 27.
Qd4 Rac8 28. Qxc4 Rxc4 29. Bd4 Rec8 30. Kf1 R8c7 31. Ke2 Rd7 32. Kd3 Rc8 33. c4
Rdc7 34. c5 Rd7 35. Kc4 Rcd8 36. d6 exd6 37. c6 Rc7 38. Kd5 Rdc8 39. Rc1 f5 40.
Kxd6 Rf7 41. c7 h5 42. f4 Kh7 43. Bb6 Rf6+ 44. Kd7 Rcf8 45. Bd4 R6f7+ 46. Kc6
Rc8 47. Kb7 Re8 48. Be5 g5 49. g3 gxf4 50. gxf4 Rfe7 51. Rc6 Rg8 52. Kb6 Ree8
53. Rf6 Rg6 54. Rxg6 Kxg6 55. Kb7 h4 56. h3 Kf7 57. c8=Q Rxc8 58. Kxc8 Ke6 59.
Kd8 Kd5 60. Ke7 Ke4 61. Kf6 Kf3 62. Kxf5 Kg3 63. Kg6 Kxh3 64. f5 Kg2 65. f6 h3
66. f7 1-0

[Event "33rd Leon Blitz Open 2020"]
[Site "chess.com INT"]
[Date "2020.07.14"]
[Round "10"]
[White "Bjerre, Jonas Buhl"]
[Black "Holt, Conrad"]
[Result "1/2-1/2"]
[WhiteTitle "GM"]
[BlackTitle "GM"]
[WhiteElo "2549"]
[BlackElo "2549"]
[WhiteFideId "1444948"]
[BlackFideId "2034387"]
[EventDate "2020.07.14"]
[EventType "blitz"]

1. d4 d5 2. c4 c6 3. Nf3 Nf6 4. Nbd2 Bg4 5. Ne5 Be6 6. e3 Nbd7 7. Nxd7 Qxd7 8.
b3 g6 9. Bb2 Bg7 10. Be2 O-O 11. Nf3 Ne4 12. O-O Rfd8 13. cxd5 Bxd5 14. Ne5 Qc7
15. Qc2 Rac8 16. Rac1 c5 17. Bf3 Bxe5 18. dxe5 Nd2 19. Bxd5 Rxd5 20. Rfd1 Qd7
21. Kh1 Rd8 22. f3 c4 23. e4 Rd3 24. bxc4 Nxc4 25. Rxd3 Qxd3 26. Qxd3 Rxd3 27.
Bc3 b5 28. Kg1 a5 29. Kf2 Kf8 30. Ke2 Rd8 31. a4 bxa4 32. Be1 Nxe5 33. Rc5 Nd3
34. Rxa5 Nxe1 35. Kxe1 Rd4 36. Ke2 f6 37. g4 g5 38. e5 Kf7 39. exf6 exf6 40.
Ra7+ Kg6 41. Ke3 Rb4 42. h3 h5 43. Ra6 h4 44. Ra7 Rb3+ 45. Ke4 Ra3 46. f4 gxf4
47. Kxf4 Rxh3 48. Rxa4 Rb3 49. Ra8 Kg7 50. Ra7+ Kg6 51. Ra8 h3 52. Rh8 Ra3 53.
Rh5 Kf7 54. Rh7+ Ke6 55. Rh6 Ke7 56. Rh7+ Kd6 57. Rh6 Kd5 58. Rxf6 h2 59. Rh6
Ra2 60. g5 Rg2 61. Kf5 Rf2+ 62. Kg4 Rg2+ 63. Kf5 Rf2+ 64. Kg4 Rg2+ 65. Kf5 1/2-1/2

[Event "33rd Leon Blitz Open 2020"]
[Site "chess.com INT"]
[Date "2020.07.14"]
[Round "10"]
[White "Da Paz, Leonardo Gadelha"]
[Black "Sviridova, Vlada"]
[Result "1/2-1/2"]
[WhiteTitle "CM"]
[BlackTitle "WFM"]
[WhiteElo "2033"]
[BlackElo "2144"]
[WhiteFideId "2109743"]
[BlackFideId "24109606"]
[EventDate "2020.07.14"]
[EventType "blitz"]

1. d4 d5 2. c4 c6 3. Nf3 Nf6 4. e3 Bf5 5. Nc3 e6 6. cxd5 exd5 7. Bd3 Bxd3 8.
Qxd3 Bb4 9. O-O O-O 10. Ne5 Nbd7 11. f4 Bxc3 12. bxc3 Ne4 13. c4 f6 14. cxd5
cxd5 15. Nf3 Re8 16. Nd2 Nb6 17. Nb3 Nc4 18. Nc5 b6 19. Nxe4 Rxe4 20. a4 Qe7 21.
Rf3 Re8 22. Ba3 Qd7 23. Bc1 f5 24. h3 Qe7 25. Ba3 Qe6 26. Bc1 Nxe3 27. Bxe3 Rxe3
28. Rxe3 Qxe3+ 29. Qxe3 Rxe3 30. a5 Rb3 31. axb6 axb6 32. Ra8+ Kf7 33. Ra7+ Kf6
34. Rd7 Rb5 35. Rd6+ Ke7 36. Rc6 Rb1+ 37. Kf2 b5 38. g4 fxg4 39. hxg4 b4 40. Rb6
b3 41. Kg3 b2 42. Kh2 h6 43. f5 Kf7 44. Kg2 Ke7 45. Kh2 Kd7 46. Rb4 Kc6 47. Kg2
Rd1 48. Rxb2 Rxd4 49. Kg3 Re4 50. Rc2+ Kd6 51. Rc8 Re7 52. Kf4 Rd7 53. Rc1 Ke7
54. Re1+ Kf6 55. Re6+ Kf7 56. Ke3 d4+ 57. Kd3 Rd5 58. Re4 Kf6 59. Re6+ Kg5 60.
Rg6+ Kf4 61. Rxg7 Rd8 62. f6 Rf8 63. Rg6 Ke5 64. Rxh6 Rxf6 65. Rxf6 Kxf6 66.
Kxd4 Kg5 67. Ke5 Kxg4 1/2-1/2

[Event "33rd Leon Blitz Open 2020"]
[Site "chess.com INT"]
[Date "2020.07.14"]
[Round "10"]
[White "Aravindh, Chithambaram VR."]
[Black "Salinas Herrera, Pablo"]
[Result "0-1"]
[WhiteTitle "GM"]
[BlackTitle "GM"]
[WhiteElo "2641"]
[BlackElo "2514"]
[WhiteFideId "5072786"]
[BlackFideId "3407128"]
[EventDate "2020.07.14"]
[EventType "blitz"]

1. g3 d5 2. Nf3 Nf6 3. Bg2 Bg4 4. O-O e6 5. b3 c5 6. Bb2 Nc6 7. d4 cxd4 8. Nxd4
Rc8 9. c4 Be7 10. Nxc6 bxc6 11. Nd2 O-O 12. Nf3 Bh5 13. Rc1 Qb6 14. Ne5 Rfd8 15.
Qc2 Bg6 16. Nxg6 hxg6 17. e3 Qa6 18. Bd4 Nd7 19. Rfd1 Bf6 20. h4 Bxd4 21. Rxd4
Nf6 22. Rd2 Rb8 23. Qc3 Qa3 24. Rcd1 a5 25. e4 Rdc8 26. exd5 cxd5 27. Qe5 dxc4
28. bxc4 Qb4 29. Bf3 a4 30. Be2 a3 31. g4 Qb6 32. h5 gxh5 33. gxh5 Rc5 34. Qe3
Rbc8 35. h6 g6 36. Rd6 Qa5 37. R1d2 Rg5+ 38. Kf1 Qf5 39. Bf3 Ng4 40. Bxg4 Rxg4
41. Qd3 Qh5 42. Qc3 Qh1+ 43. Ke2 Re4+ 44. Kd3 Qf3+ 45. Kc2 Qxc3+ 46. Kxc3 Rexc4+
47. Kb3 Rc3+ 48. Kb4 R8c4+ 49. Kb5 Rf4 50. Rd8+ Kh7 51. Rf8 Rf5+ 52. Kb4 Rcf3
53. Rdd8 Kxh6 54. Rh8+ Kg5 55. Rd2 Kf6 56. Rd4 Rxf2 57. Kxa3 R5f3+ 58. Kb4 Rxa2
59. Rd7 Kg7 60. Rdd8 Rf5 61. Kb3 Rg2 62. Rhg8+ Kf6 63. Rd7 Rg3+ 64. Kc4 Rg4+ 65.
Kc3 Rf3+ 66. Kd2 Rg2+ 67. Ke1 Ra3 68. Kf1 Rb2 69. Rd1 Rf3+ 70. Kg1 Kf5 71. Rf8
f6 72. Rc8 e5 73. Rb8 Rxb8 0-1

[Event "33rd Leon Blitz Open 2020"]
[Site "chess.com INT"]
[Date "2020.07.14"]
[Round "10"]
[White "Pon, Matt"]
[Black "Sahil, Tickoo"]
[Result "1/2-1/2"]
[WhiteTitle "FM"]
[WhiteElo "2185"]
[BlackElo "2245"]
[WhiteFideId "14301644"]
[BlackFideId "5019710"]
[EventDate "2020.07.14"]
[EventType "blitz"]

1. e4 c5 2. Nf3 d6 3. g3 Nf6 4. d3 d5 5. Nbd2 Nc6 6. Bg2 e5 7. O-O Be7 8. exd5
Nxd5 9. Re1 f6 10. a4 O-O 11. Nc4 Be6 12. Nh4 Qd7 13. f4 exf4 14. gxf4 Rae8 15.
f5 Bf7 16. c3 Bd8 17. Bd2 Bc7 18. Qf3 Nb6 19. Nxb6 axb6 20. Rxe8 Rxe8 21. Re1
Rxe1+ 22. Bxe1 Be5 23. Bg3 Bxg3 24. hxg3 Ne5 25. Qxb7 Qxb7 26. Bxb7 Nxd3 27. b4
cxb4 28. cxb4 Nxb4 29. Nf3 Bb3 30. Nd4 Bxa4 31. Kf2 Kf7 32. Ke3 g6 33. Kf4 Bd7
34. fxg6+ hxg6 35. Bf3 g5+ 36. Ke3 Ke7 37. Bd1 Kd6 38. Ke4 Nc6 39. Nf5+ Bxf5+
40. Kxf5 Ke7 41. Ke4 Ne5 42. Kd5 Kf7 43. Bh5+ Ke7 44. Be2 g4 45. Bd1 Kf7 46. Bc2
Kg7 47. Ke4 b5 48. Kd5 Kh6 49. Kc5 Kg5 50. Kxb5 Nf3 51. Kc5 Ne1 52. Bb1 Ng2 53.
Kd4 f5 54. Kd3 f4 55. gxf4+ Kxf4 56. Ke2 g3 57. Ba2 Ne3 58. Be6 Ng4 59. Bd5 Ne5
60. Ba8 Nd7 61. Bc6 Nc5 62. Kf1 Nd3 63. Ba8 Ne5 64. Kg2 Ng4 65. Bb7 Ne3+ 66. Kg1
Kg4 67. Bc6 Kh3 68. Bd7+ Kh4 69. Bc6 Ng4 70. Kg2 Ne5 71. Ba8 Kg4 72. Kg1 Kf4 73.
Kg2 Nd7 74. Bc6 Nc5 75. Ba8 Nd3 76. Kg1 Ne1 77. Bb7 Nf3+ 78. Bxf3 Kxf3 79. Kf1
g2+ 80. Kg1 Kg3 1/2-1/2

[Event "33rd Leon Blitz Open 2020"]
[Site "chess.com INT"]
[Date "2020.07.14"]
[Round "10"]
[White "Skliarov, Viktor"]
[Black "Murzin, Volodar"]
[Result "0-1"]
[WhiteTitle "IM"]
[BlackTitle "IM"]
[WhiteElo "2376"]
[BlackElo "2465"]
[WhiteFideId "14106736"]
[BlackFideId "44155573"]
[EventDate "2020.07.14"]
[EventType "blitz"]

1. e4 c6 2. d4 d5 3. exd5 cxd5 4. Bd3 Nc6 5. c3 g6 6. Qf3 Bg7 7. Ne2 e5 8. dxe5
Nxe5 9. Bb5+ Bd7 10. Qxd5 Nc6 11. O-O Nge7 12. Qd6 O-O 13. Bg5 Nf5 14. Bxd8 Nxd6
15. Bxc6 Bxc6 16. Bc7 Nb5 17. Bg3 Rfe8 18. Nf4 Rad8 19. a4 Nd6 20. Nd2 h5 21.
Nb3 Nf5 22. h3 Nxg3 23. fxg3 b6 24. a5 Re3 25. Kf2 Re4 26. axb6 axb6 27. Rfe1
Rc4 28. Rad1 Rxd1 29. Rxd1 h4 30. Nd4 hxg3+ 31. Kxg3 Bb7 32. Nfe2 Rc8 33. Ra1
Be5+ 34. Kf2 Bb8 35. Ra4 Rd8 36. Rb4 Rd6 37. Rb5 Rf6+ 38. Kg1 Kf8 39. Rb4 Rd6
40. Ra4 Rd8 41. Kf2 Ke7 42. Nf3 Rd6 43. Ned4 Kd7 44. Ra1 Rf6 45. Re1 Bd6 46. Ra1
Bb8 47. Ke3 Bf4+ 48. Kd3 Bd6 49. Ra7 Kc8 50. Ra1 Rf4 51. Re1 Kd7 52. Re3 Rf6 53.
g4 Bc5 54. Ne5+ Kc8 55. b4 Bd6 56. Nc4 Bc7 57. Nb5 Ba6 58. Nxc7 Kxc7 59. Re4 Rc6
60. Rd4 Bb5 61. Rf4 Kd8 62. Re4 Kd7 63. Rd4+ Ke7 64. g5 Ke6 65. h4 Rxc4 66. Rd8
Rc8+ 67. Ke4 Rxd8 0-1

[Event "33rd Leon Blitz Open 2020"]
[Site "chess.com INT"]
[Date "2020.07.14"]
[Round "10"]
[White "Pranav, Anand"]
[Black "Novoselski, Zoran"]
[Result "0-1"]
[WhiteTitle "FM"]
[BlackTitle "IM"]
[WhiteElo "2381"]
[BlackElo "2318"]
[WhiteFideId "46626786"]
[BlackFideId "901970"]
[EventDate "2020.07.14"]
[EventType "blitz"]

1. e4 e5 2. Nf3 Nc6 3. Bb5 a6 4. Ba4 d6 5. O-O Bd7 6. c3 Nge7 7. d4 Ng6 8. d5
Nb8 9. Bxd7+ Nxd7 10. c4 Be7 11. Nc3 O-O 12. g3 a5 13. Be3 b6 14. h4 Bf6 15. Nh2
Qc8 16. Ng4 Bd8 17. Qe2 Nc5 18. Nh2 f5 19. exf5 Qxf5 20. Bxc5 bxc5 21. Qe4 Bxh4
22. Qxf5 Rxf5 23. gxh4 Nxh4 24. f3 Raf8 25. Rf2 Rf4 26. b3 h5 27. Nb5 R8f7 28.
Raf1 g5 29. Nc3 Kg7 30. Ne4 Kh6 31. Nc3 Nf5 32. Ne2 Rh4 33. Rc1 Kg6 34. Nf1 e4
35. fxe4 Rxe4 36. Nfg3 Rg4 37. Kh2 Nxg3 38. Rxf7 Nxe2 39. Rcf1 Nf4 40. Rxc7 Rg2+
41. Kh1 Rxa2 42. Rc6 Kf5 43. Rxd6 Kg4 44. Rg1+ Kh4 45. Rf6 Nh3 46. Rgf1 g4 47.
Re6 Rb2 48. d6 Rd2 49. Re5 Rxd6 50. Rxc5 Rd2 51. Re5 Ng5 52. Ref5 Ne4 53. Kg1
Ng3 54. R1f2 Rd1+ 55. Rf1 Nxf1 56. Rxf1 Rd3 57. Rc1 Rxb3 58. c5 Rb7 59. c6 Rc7
60. Kg2 a4 61. Rh1+ Kg5 62. Rc1 a3 63. Kg3 h4+ 64. Kg2 a2 65. Rc5+ Kf4 66. Rc4+
Ke3 67. Rc1 Rxc6 68. Re1+ Kf4 69. Rf1+ Kg5 70. Ra1 Rc2+ 71. Kf1 h3 72. Kg1 Kh4
73. Kh1 Kg3 74. Rg1+ Kh4 75. Ra1 Rb2 76. Rg1 Rb1 77. Kh2 Rxg1 78. Kxg1 g3 79.
Kf1 a1=Q+ 80. Ke2 Qf6 81. Ke3 g2 0-1

[Event "33rd Leon Blitz Open 2020"]
[Site "chess.com INT"]
[Date "2020.07.14"]
[Round "10"]
[White "Matlakov, Maxim"]
[Black "Mohammad, Nubairshah Shaikh"]
[Result "1-0"]
[WhiteTitle "GM"]
[BlackTitle "IM"]
[WhiteElo "2685"]
[BlackElo "2445"]
[WhiteFideId "4168003"]
[BlackFideId "5053196"]
[EventDate "2020.07.14"]
[EventType "blitz"]

1. d4 d5 2. Nf3 Nf6 3. Bf4 c5 4. e3 Nc6 5. Nbd2 Bg4 6. h3 Bxf3 7. Nxf3 e6 8. c3
Bd6 9. dxc5 Bxc5 10. Be2 O-O 11. O-O Ne4 12. Rc1 Bd6 13. Bd3 Bxf4 14. exf4 Qc7
15. g3 Rfd8 16. Qe2 Nc5 17. Bb1 h6 18. Rcd1 Rac8 19. Rfe1 Nd7 20. f5 exf5 21.
Bxf5 g6 22. Bc2 Nf6 23. Nd4 Kg7 24. Qf3 Re8 25. Rxe8 Rxe8 26. Kg2 h5 27. Bb3 h4
28. g4 Qe5 29. Nc2 Rd8 30. Re1 Qd6 31. Rd1 Qe5 32. Ne3 d4 33. cxd4 Nxd4 34. Qxb7
Rd7 35. Qa8 Qf4 36. Rd3 Ne4 37. Nd1 Ng5 38. Bd5 Qe5 39. Nc3 Nde6 40. Kf1 Nf4 41.
Rd1 Nfxh3 42. Bg2 Qf4 43. Bxh3 Nxh3 44. Qg2 Rxd1+ 45. Nxd1 Qc4+ 46. Ke1 Nf4 47.
Qf3 h3 48. Nc3 h2 49. Qh1 Nd3+ 50. Kd2 Qf4+ 51. Kxd3 Qxf2 52. Ne2 f5 53. gxf5
gxf5 54. b4 f4 55. Qb7+ Kg6 56. Qe4+ Kg5 57. Qe5+ Kg4 58. Qg7+ Kf3 59. Qb7+ Kg4
60. Qg7+ Kh3 61. Qh6+ Kg4 62. Qg6+ Kh3 63. Qh5+ Kg2 64. Qg4+ Kf1 65. Qh3+ Ke1
66. Qe6 Qe3+ 67. Qxe3 fxe3 68. Ng3 Kf2 69. Nh1+ Kf3 70. a4 Kg2 71. Kxe3 Kxh1 72.
Kf2 a6 73. b5 axb5 74. a5 b4 75. a6 b3 76. a7 b2 77. a8=Q# 1-0

[Event "33rd Leon Blitz Open 2020"]
[Site "chess.com INT"]
[Date "2020.07.14"]
[Round "10"]
[White "Fakhrutdinov, Timur"]
[Black "Tronenkovs, Valdis"]
[Result "0-1"]
[WhiteTitle "FM"]
[BlackTitle "FM"]
[WhiteElo "2501"]
[BlackElo "2265"]
[WhiteFideId "24176702"]
[BlackFideId "11601558"]
[EventDate "2020.07.14"]
[EventType "blitz"]

1. e4 c5 2. Nf3 Nc6 3. d4 cxd4 4. Nxd4 g6 5. Nc3 Bg7 6. Be3 Nf6 7. Bc4 O-O 8.
Bb3 d5 9. exd5 Na5 10. Qf3 Bg4 11. Qg3 Nxb3 12. axb3 Bh5 13. d6 Ng4 14. O-O Be5
15. f4 Bxd6 16. Ne4 e5 17. Ne2 Nxe3 18. Qxe3 Bxe2 19. Qxe2 exf4 20. Qb5 Re8 21.
Rae1 Be5 22. c3 Qb6+ 23. Qxb6 axb6 24. Nd2 Bc7 25. Nc4 Kf8 26. Na3 Rxe1 27. Rxe1
Re8 28. Rxe8+ Kxe8 29. Kf2 Ke7 30. Kf3 f5 31. Nb5 Bb8 32. h4 h6 33. Nd4 Kf6 34.
Nc2 g5 35. hxg5+ hxg5 36. Nb4 g4+ 37. Ke2 Ke6 38. Nd3 Bd6 39. b4 Kd5 40. b3 Be5
41. Kd2 f3 42. gxf3 gxf3 43. c4+ Ke4 44. b5 Bd4 45. Nb4 f4 46. Nd5 f2 47. Ke2
f3+ 48. Kf1 Kd3 49. Ne7 Kc3 50. Nf5 Bc5 51. Ng3 Kxb3 52. Ne4 Kxc4 53. Nf6 Kxb5
54. Nd5 Kc4 55. Nxb6+ Kb5 56. Nd5 Kc6 57. Nc3 b6 58. Ne4 Kd5 59. Nd2 Kd4 60.
Nb3+ Kd3 61. Na5 Kc2 62. Nc6 b5 63. Ne5 b4 64. Nd3 b3 65. Nb2 Ba3 66. Na4 Bc5
67. Nb2 Bd4 68. Na4 Kd3 69. Nb2+ Bxb2 70. Kxf2 Kc2 71. Kxf3 Bc3 0-1

[Event "33rd Leon Blitz Open 2020"]
[Site "chess.com INT"]
[Date "2020.07.14"]
[Round "10"]
[White "Babazada, Khazar"]
[Black "Jones, Gawain C B"]
[Result "1/2-1/2"]
[WhiteTitle "FM"]
[BlackTitle "GM"]
[WhiteElo "2409"]
[BlackElo "2670"]
[WhiteFideId "13413554"]
[BlackFideId "409561"]
[EventDate "2020.07.14"]
[EventType "blitz"]

1. e4 e5 2. Nc3 Nf6 3. d4 exd4 4. Qxd4 Nc6 5. Qd3 g6 6. Nge2 Bg7 7. f3 O-O 8.
Bg5 h6 9. Bh4 g5 10. Bg3 d5 11. e5 Nh5 12. Qxd5 Nxg3 13. hxg3 Nxe5 14. O-O-O
Qxd5 15. Nxd5 c6 16. Ne7+ Kh8 17. Nd4 Re8 18. Nxc8 Raxc8 19. Nf5 Rcd8 20. Rxd8
Rxd8 21. Nxh6 Bxh6 22. Rxh6+ Kg7 23. Rh1 b5 24. f4 Ng6 25. fxg5 Rd5 26. Rh5 Ne5
27. Be2 Kg6 28. Rh6+ Kxg5 29. Rh5+ Kg6 30. g4 f6 31. Rh8 Rd7 32. a3 Kg5 33. Rg8+
Kf4 34. Rf8 Rd6 35. b3 Kg3 36. g5 fxg5 37. Rf5 Re6 38. Rxg5+ Kf2 39. Bd1 a5 40.
Rg8 a4 41. bxa4 bxa4 42. g4 Nc4 43. Ra8 Ne3 44. Rxa4 Kg3 45. g5 Nd5 46. Rc4 Ne3
47. Rc3 Kf4 48. a4 Kxg5 49. Bf3 Nd5 50. Rc5 Kf4 51. Bxd5 cxd5 52. Rxd5 Ke4 53.
Rb5 Kd4 54. Kb2 Kc4 55. Rb8 Ra6 56. Ka3 Kc5 57. Rc8+ Kb6 58. Kb4 Kb7 59. Rc5 Rh6
60. Rg5 Kb6 61. c4 Ka6 62. Ra5+ Kb6 63. Rb5+ Ka6 64. Rd5 Kb6 65. Rd4 Kc6 66. a5
Rh1 67. Rd5 Rb1+ 68. Kc3 Rc1+ 69. Kb3 Rb1+ 70. Kc2 Rh1 71. Rg5 Rh3 72. Kb2 Rf3
73. Rb5 Rf4 74. Kc3 Rf1 75. Kb2 Rf2+ 76. Ka3 Rf1 77. Rh5 Rb1 78. Ka2 Rb4 79. Rh4
Ra4+ 80. Kb3 Rxa5 81. Kb4 Rg5 82. Rh6+ Kc7 83. c5 Rg1 84. Kb5 Rb1+ 85. Kc4 Rc1+ 1/2-1/2